|
|
|
|
| LEADER |
00000nam0a2200000 4500 |
| 001 |
155422 |
| 005 |
20231031152432.0 |
| 010 |
|
|
|a 5060020312
|
| 020 |
|
|
|a RU
|b 91-57731
|
| 035 |
|
|
|a (RuTPU)RU\TPU\book\168599
|
| 090 |
|
|
|a 155422
|
| 100 |
|
|
|a 20090314d1991 m y0rusy5003 ca
|
| 101 |
0 |
|
|a rus
|
| 102 |
|
|
|a RU
|
| 105 |
|
|
|a a j 001zy
|
| 200 |
1 |
|
|a Охрана труда в строительстве
|e учебник для вузов
|f В. А. Пчелинцев, Д. В. Коптев, Г. Г. Орлов
|
| 210 |
|
|
|a Москва
|c Высш. шк.
|d 1991
|
| 215 |
|
|
|a 272 с.
|c ил.
|d 24 см
|
| 225 |
1 |
|
|a ПГС. Промышленное и гражданское строительство
|
| 320 |
|
|
|a Библиогр.: с. 269 (9 назв.).
|
| 610 |
1 |
|
|a строительство
|
| 610 |
1 |
|
|a строительные организации
|
| 610 |
1 |
|
|a охрана труда
|
| 610 |
1 |
|
|a законодательство о труде
|
| 610 |
1 |
|
|a безопасные условия труда
|
| 610 |
1 |
|
|a профессиональные заболевания
|
| 610 |
1 |
|
|a травматизм
|
| 610 |
1 |
|
|a расследования
|
| 610 |
1 |
|
|a учет
|
| 610 |
1 |
|
|a изучение
|
| 610 |
1 |
|
|a производственная санитария
|
| 610 |
1 |
|
|a гигиена труда
|
| 610 |
1 |
|
|a производственная среда
|
| 610 |
1 |
|
|a метеорологические условия
|
| 610 |
1 |
|
|a вещества
|
| 610 |
1 |
|
|a вредности
|
| 610 |
1 |
|
|a отравления
|
| 610 |
1 |
|
|a предупреждение
|
| 610 |
1 |
|
|a пыль
|
| 610 |
1 |
|
|a ионизирующие излучения
|
| 610 |
1 |
|
|a электромагнитные излучения
|
| 610 |
1 |
|
|a лазерные излучения
|
| 610 |
1 |
|
|a производственное освещение
|
| 610 |
1 |
|
|a вибрация
|
| 610 |
1 |
|
|a защита
|
| 610 |
1 |
|
|a шум
|
| 610 |
1 |
|
|a ультразвук
|
| 610 |
1 |
|
|a инфразвук
|
| 610 |
1 |
|
|a техника безопасности
|
| 610 |
1 |
|
|a проектная документация
|
| 610 |
1 |
|
|a гражданские здания
|
| 610 |
1 |
|
|a промышленные здания
|
| 610 |
1 |
|
|a промышленные сооружения
|
| 610 |
1 |
|
|a монтаж
|
| 610 |
1 |
|
|a средства защиты
|
| 610 |
1 |
|
|a строительные машины
|
| 610 |
1 |
|
|a эксплуатация
|
| 610 |
1 |
|
|a земляные работы
|
| 610 |
1 |
|
|a пожары
|
| 610 |
1 |
|
|a электробезопасность
|
| 610 |
1 |
|
|a статическое электричество
|
| 610 |
1 |
|
|a атмосферное электричество
|
| 610 |
1 |
|
|a сосуды под давлением
|
| 610 |
1 |
|
|a пожаровзрывоопасность
|
| 610 |
1 |
|
|a строительные конструкции
|
| 610 |
1 |
|
|a огнестойкость
|
| 610 |
1 |
|
|a пожарная профилактика
|
| 610 |
1 |
|
|a взрывы
|
| 610 |
1 |
|
|a тушение
|
| 610 |
1 |
|
|a учебники
|
| 675 |
|
|
|a 69.05:658.382(075.8)
|z rus
|v 3
|
| 700 |
|
1 |
|a Пчелинцев
|b В. А.
|g Владимир Алексеевич
|4 070
|
| 701 |
|
1 |
|a Коптев
|b Д. В.
|g Дмитрий Васильевич
|
| 701 |
|
1 |
|a Орлов
|b Г. Г.
|g Геннадий Григорьевич
|
| 801 |
|
0 |
|a RU
|b RuMRKP
|c 19950417
|g psbo
|
| 801 |
|
1 |
|a RU
|b 63413507
|c 20090314
|g PSBO
|
| 801 |
|
2 |
|a RU
|b 63413507
|c 20170124
|g PSBO
|
| 942 |
|
|
|c BK
|